| 000 | 01015nam a22001937a 4500 | ||
|---|---|---|---|
| 003 | IT-RoPau | ||
| 005 | 20220918175935.0 | ||
| 008 | 121119b xxu||||| |||| 00| 0 eng d | ||
| 040 | _cIT-RoPau | ||
| 100 |
_aAlberione Giacomo _qFondatore Famiglia Paolina _919 |
||
| 245 |
_aCatechismo Sociale. _bIV Edizione ricevuta e e aggiornata,scritti di G.Alberione: Sociologia Edizioni Paoline |
||
| 250 | _a1 | ||
| 260 |
_aRoma _bEdizioni Paoline _c1962 |
||
| 300 |
_a145 cm _c18 cm |
||
| 490 |
_aOrientamenti 8 _vOrientamenti 8 |
||
| 500 | _aScritti di Giacomo Alberione di: Sociologia | ||
| 520 | _aIndici Cap. I - L'uomo e la Società pag. 9 Cap. II - La Famiglia " 23 Cap. III - La Società civile " 46 Cap. IV - La Chiesa " 67 Cap. V - Il lavoro e l' ordine economico " 95 Cap VI - La Società internazionale " 130 | ||
| 942 |
_2ddc _cBK |
||
| 999 |
_c37534 _d37534 |
||